000 00498nam a2200169Ia 4500
008 220216s9999 xx 000 0 und d
100 _aPaiva J R De
245 0 _aGenetics of rubber tree (Hevea brasiliensis (Willd. ex Adr. de Juss.) Mull. Arg.) 1. Genetic variation in natural populations
260 _bSilvae genetica
_c1994
300 _a307-312
500 _aSource Year: 1995
700 _aContel P B
700 _aKageyama P Y
700 _aVencovsky R
856 _uPBA
942 _cJS
999 _c59899
_d59899